| 000 | 01816nam a22001577a 4500 | ||
|---|---|---|---|
| 041 | _aukr | ||
| 080 | _a09 | ||
| 090 | _bЛІТ | ||
| 100 | _aЛітвінчук, Ю. С. | ||
| 245 | _aЛексико-стилістичний аналіз текстів промов премєр-міністра Великобританії Девіда Кемерона | ||
| 260 |
_aОстрог _bКАФ _c2014 |
||
| 300 | _a65 | ||
| 520 |
_aВступ.
Розділ І. Аналіз політичного дискурсу.
1.1. Загальні підходи до вивчення політичного дискурсу
1.2. Політичний текст та його лексичні особливості
1.3. Стилістичні засоби англійської мови
1.4. Стилістико-синтаксичні особливості текстів політичного дискурсу
Розділ ІІ. Лексико-стилістичний аналіз текстів промов британського політика Девіда Кемерона.
2.1. Стилістичні засоби використовувані у текстах промов премєр-міністра Великобританії Девіда Кемерона
2.2. Стилістико-синтаксичні засоби у промовах Консервативної партії Великобританії Девіда Камерона
2.3. Лексичний аналіз текстів промов британського політика Девіда Кемерона
Висновки.
Список використаної літератури.
Додатки. _0політичний дискурс, Великобританія, Д.Кемерон |
||
| 650 | _aResearch Papers | ||
| 999 |
_c285441 _d285441 |
||
| 942 | _cBK | ||